[Event "SF Buer 1 - SG Drewer 1"]
[Site "Verbandsklasse, Gruppe 1 2017"]
[Date "2018.03.18"]
[Round "8.1"]
[White "Mittmann, Volker"]
[Black "Große-Frintrop, Gerd"]
[Result "1/2-1/2"]
[WhiteElo "1914"]
[BlackElo "1957"]
[PlyCount "142"]
[EventDate "2018.??.??"]

1. e4 c5 2. Nf3 Nc6 3. d4 cxd4 4. Nxd4 d6 5. Nc3 g6 6. Be2 Bg7 7. Nb3 Nf6 8.
O-O O-O 9. Re1 Ne5 10. Bf1 Bd7 11. Bg5 h6 12. Bh4 g5 13. Bg3 Ng6 14. Qd2 Nh5
15. Rad1 Rc8 16. Nd4 Qb6 17. Nb3 Nxg3 18. hxg3 Qb4 19. a3 Qb6 20. Nd5 Qd8 21.
c4 Ba4 22. Qb4 Qd7 23. Rd2 Bxb3 24. Qxb3 b6 25. Qd1 Ne5 26. Ne3 Qb7 27. f4 Ng6
28. Qf3 Rc5 29. Nf5 a6 30. Nxg7 Kxg7 31. b4 Rc7 32. Rd5 f6 33. Red1 Qa7 34. Kh2
a5 35. Bd3 axb4 36. axb4 Qa4 37. Qh5 e5 38. f5 Nh8 39. Rxd6 Qxb4 40. Bf1 Rff7
41. Rd8 Qe7 42. R1d5 Rf8 43. R8d6 Rb8 44. Re6 Qf7 45. Qd1 Re8 46. Rxb6 Ree7 47.
Rbd6 h5 48. Be2 g4 49. c5 Qg8 50. Rd7 Nf7 51. Rxe7 Rxe7 52. Rd7 Qe8 53. c6 Rxd7
54. cxd7 Qe7 55. Qd5 Nd8 56. Bc4 Qf8 57. Bb3 Kh7 58. Kg1 Kg7 59. Kf2 Kh7 60.
Ke2 Kh6 61. Qd2+ Kg7 62. Qd5 Kh6 63. Kd3 Kg5 64. Ke2 Kh6 65. Qg8 Qxg8 66. Bxg8
Kg7 67. Be6 Kh6 68. Ke3 Kg5 69. Bc4 Kh6 70. Bb5 Kg5 71. Bf1 Kh6 1/2-1/2

[Event "SF Buer 1 - SG Drewer 1"]
[Site "Verbandsklasse, Gruppe 1 2017"]
[Date "2018.03.18"]
[Round "8.2"]
[White "Renk, Christoph"]
[Black "Arnold, Ulrich"]
[Result "1-0"]
[WhiteElo "1975"]
[BlackElo "1853"]
[PlyCount "41"]
[EventDate "2018.??.??"]

1. c4 e6 2. g3 d5 3. Bg2 Nf6 4. Nf3 c6 5. Qc2 Nbd7 6. d4 Bb4+ 7. Nbd2 O-O 8.
O-O Qe7 9. a3 Bxd2 10. Bxd2 dxc4 11. Qxc4 e5 12. Bb4 c5 13. Bxc5 Nxc5 14. Qxc5
Qxc5 15. dxc5 Ne4 16. Rac1 Re8 17. Rfd1 Nf6 18. Nd2 Rb8 19. Nc4 Bd7 20. Nd6 Rf8
21. Bxb7 1-0

[Event "SF Buer 1 - SG Drewer 1"]
[Site "Verbandsklasse, Gruppe 1 2017"]
[Date "2018.03.18"]
[Round "8.3"]
[White "Nebel, Uwe"]
[Black "Wilbert, Siegfried"]
[Result "1-0"]
[WhiteElo "1830"]
[BlackElo "1984"]
[PlyCount "41"]
[EventDate "2018.??.??"]

1. e4 c5 2. Nc3 Nc6 3. f4 g6 4. Nf3 Bg7 5. Bb5 Nd4 6. O-O Nxb5 7. Nxb5 Nf6 8.
d3 O-O 9. Qe1 a6 10. Nc3 d6 11. Kh1 b5 12. Qh4 b4 13. Nd1 Bb7 14. f5 gxf5 15.
Ng5 e6 16. exf5 e5 17. Nf2 h6 18. Ngh3 Nd5 19. Qg3 Kh7 20. Ng4 Rg8 21. Ng5+ 1-0

[Event "SF Buer 1 - SG Drewer 1"]
[Site "Verbandsklasse, Gruppe 1 2017"]
[Date "2018.03.18"]
[Round "8.4"]
[White "Schorra, Helmut"]
[Black "Uhlich, Wilfried"]
[Result "1/2-1/2"]
[WhiteElo "2066"]
[BlackElo "1831"]
[PlyCount "119"]
[EventDate "2018.??.??"]

1. e4 c6 2. d4 d5 3. Nd2 dxe4 4. Nxe4 Nf6 5. Nxf6+ exf6 6. Nf3 Bd6 7. Bc4 O-O
8. O-O Qc7 9. h3 Rd8 10. Re1 Nd7 11. c3 Nf8 12. Qe2 Be6 13. Bd2 Qd7 14. Qf1 Bc7
15. Re4 Bf5 16. Ree1 Be6 17. Rad1 b5 18. Bxe6 Nxe6 19. Bc1 Bf4 20. Be3 Rab8 21.
Qe2 g6 22. Nd2 Kg7 23. Qf3 Bxe3 24. fxe3 Ng5 25. Qf2 Qd5 26. Rf1 f5 27. b3 Re8
28. Qf4 Ne4 29. Nxe4 Qxe4 30. Qxe4 Rxe4 31. Rfe1 Rbe8 32. Kf2 a6 33. g3 g5 34.
c4 h5 35. cxb5 axb5 36. d5 cxd5 37. Rxd5 R8e5 38. Rxe5 Rxe5 39. a4 bxa4 40.
bxa4 Ra5 41. Ra1 Kf6 42. h4 Kg6 43. Ke2 f6 44. Kd3 f4 45. exf4 gxf4 46. gxf4
Kf5 47. Ke3 Kg4 48. Rg1+ Kf5 49. Ra1 Kg4 50. Ke4 Kg3 51. Ra3+ Kg4 52. Ra1 Kg3
53. Rg1+ Kf2 54. Rg6 f5+ 55. Kd3 Rxa4 56. Rg5 Rxf4 57. Rxh5 Kg3 58. Ke3 Re4+
59. Kd3 Rxh4 60. Rxf5 1/2-1/2

[Event "SF Buer 1 - SG Drewer 1"]
[Site "Verbandsklasse, Gruppe 1 2017"]
[Date "2018.03.18"]
[Round "8.5"]
[White "Schaefer, Martin"]
[Black "Andersen, Knut"]
[Result "0-1"]
[WhiteElo "1740"]
[BlackElo "1949"]
[PlyCount "148"]
[EventDate "2018.??.??"]

1. e4 c5 2. Nf3 Nc6 3. d4 cxd4 4. Nxd4 Qb6 5. Nf3 Nf6 6. Bd3 e6 7. O-O d6 8. b3
Be7 9. Be3 Qc7 10. Nc3 a6 11. Na4 b5 12. Nb6 Rb8 13. Nxc8 Rxc8 14. c4 bxc4 15.
Bxc4 Qb7 16. Qe2 Nb8 17. e5 Ng4 18. Bf4 d5 19. Bd3 O-O 20. h3 Nh6 21. Bxh6 gxh6
22. Qe3 Kg7 23. Nh2 h5 24. Qf3 f5 25. Qxh5 Bc5 26. Ng4 Qf7 27. Qh6+ Kh8 28. Nf6
Bd4 29. Rac1 Bxe5 30. Nh5 Bb2 31. Rxc8 Rxc8 32. Re1 Rc6 33. Qg5 Rc8 34. Ng3 Rg8
35. Qd2 Bf6 36. Qe2 f4 37. Nf1 Bc3 38. Qxe6 Qg7 39. g3 fxg3 40. Nxg3 Bxe1 41.
Qxe1 Qd4 42. Kg2 a5 43. Qe2 Nd7 44. Bf5 Nf6 45. Kh2 Re8 46. Qf3 Ne4 47. Bxe4
dxe4 48. Qf7 Qe5 49. Kg2 Qe7 50. Qf5 Qe5 51. Qf7 e3 52. fxe3 Qxe3 53. Qf6+ Kg8
54. Nf5 Qd2+ 55. Kg3 Qe1+ 56. Kg4 Qe2+ 57. Kg3 Qe5+ 58. Qxe5 Rxe5 59. Nd4 Rd5
60. Nc6 Rc5 61. Nd4 Kf7 62. Kf3 Kf6 63. Ke3 Rh5 64. Nc6 Ke6 65. Kd4 Kd6 66. Na7
Rh4+ 67. Kc3 Kc5 68. a3 Rxh3+ 69. Kc2 Re3 70. b4+ axb4 71. axb4+ Kb6 72. Nc8+
Kc7 73. Kd2 Re8 74. Na7 Kb6 0-1

[Event "SF Buer 1 - SG Drewer 1"]
[Site "Verbandsklasse, Gruppe 1 2017"]
[Date "2018.03.18"]
[Round "8.6"]
[White "Kreitling, Oliver"]
[Black "Schaepers, Lars"]
[Result "1-0"]
[WhiteElo "1805"]
[BlackElo "1715"]
[PlyCount "123"]
[EventDate "2018.??.??"]

1. d4 d5 2. c4 e6 3. Nc3 Nf6 4. Bg5 Be7 5. e3 O-O 6. Nf3 c6 7. Qc2 Nbd7 8. cxd5
Nxd5 9. Bxe7 Qxe7 10. a3 Nxc3 11. bxc3 e5 12. g3 e4 13. Nd2 Nf6 14. Bg2 Re8 15.
O-O Bf5 16. h3 h5 17. Rfb1 Qd7 18. Kh2 Re7 19. Nc4 Nh7 20. h4 Nf6 21. Ne5 Qe6
22. c4 Ng4+ 23. Nxg4 Bxg4 24. Rh1 Qf5 25. Ra2 Rd8 26. Rb2 Rd6 27. c5 Rdd7 28.
Qa4 a6 29. Qc2 Qd5 30. a4 Qe6 31. Rb4 Qd5 32. Kg1 Qf5 33. Kf1 Qd5 34. Ke1 Qf5
35. Rf1 Bf3 36. Bxf3 Qxf3 37. Qe2 Qxe2+ 38. Kxe2 f5 39. f3 Rf7 40. fxe4 fxe4
41. Rf4 Rxf4 42. gxf4 Kf7 43. Rb1 Kf6 44. Rg1 Rd5 45. Kf2 a5 46. Kg3 Kf5 47.
Kh3 Kf6 48. Rg2 g6 49. Kg3 Kf5 50. Kf2 Kf6 51. Ke2 Kf7 52. Kd2 Kf6 53. Kc3 Kf7
54. Kc4 Kf6 55. Rg5 Rxg5 56. fxg5+ Kf5 57. d5 cxd5+ 58. Kxd5 Kg4 59. Kxe4 Kxh4
60. Kf4 Kh3 61. e4 Kg2 62. e5 1-0

[Event "SF Buer 1 - SG Drewer 1"]
[Site "Verbandsklasse, Gruppe 1 2017"]
[Date "2018.03.18"]
[Round "8.7"]
[White "Pennig, Felix"]
[Black "Ebert, Manfred"]
[Result "1-0"]
[WhiteElo "1704"]
[BlackElo "1900"]
[PlyCount "31"]
[EventDate "2018.??.??"]

1. e4 d6 2. d4 g6 3. Nc3 Bg7 4. Be3 Nd7 5. f3 e5 6. Nge2 f5 7. Qd2 Ngf6 8.
O-O-O f4 9. Bf2 g5 10. g3 c6 11. dxe5 dxe5 12. h4 h6 13. Bh3 Qe7 14. Bf5 Nb6
15. Bg6+ Kf8 16. Bc5 1-0

[Event "SF Buer 1 - SG Drewer 1"]
[Site "Verbandsklasse, Gruppe 1 2017"]
[Date "2018.03.18"]
[Round "8.8"]
[White "Seppelfricke, Guido"]
[Black "Nordhoff, Georg"]
[Result "1-0"]
[WhiteElo "1828"]
[BlackElo "1661"]
[PlyCount "81"]
[EventDate "2018.??.??"]

1. e4 e5 2. Nf3 Nc6 3. Bb5 d6 4. O-O Nf6 5. Re1 Be7 6. d4 exd4 7. Nxd4 Bd7 8.
Nxc6 Bxc6 9. Bxc6+ bxc6 10. Nc3 O-O 11. b3 Nd7 12. Bb2 Bf6 13. Qh5 Bd4 14. Na4
Bxb2 15. Nxb2 Qf6 16. Nd3 Rab8 17. c4 Rfe8 18. Rad1 Ne5 19. f4 Nxd3 20. Rxd3 g6
21. Qg4 Re7 22. f5 Rbe8 23. fxg6 fxg6 24. h4 Qe6 25. Qg3 Rf8 26. Qe3 c5 27. Rd5
Qg4 28. h5 Rf4 29. e5 Rf5 30. hxg6 hxg6 31. Qd2 Qg3 32. Rd3 Qf4 33. Qxf4 Rxf4
34. Rde3 Rd4 35. exd6 Rxe3 36. Rxe3 Rxd6 37. Re7 Rc6 38. Kf2 Kf8 39. Re5 Rf6+
40. Ke3 Kf7 41. Rxc5 1-0

[Event "SW Oberhausen 1 - SV Welper 2"]
[Site "Verbandsklasse, Gruppe 1 2017"]
[Date "2018.03.18"]
[Round "8.1"]
[White "Marx, Patrick"]
[Black "Puetter, Pascal"]
[Result "1/2-1/2"]
[WhiteElo "1953"]
[BlackElo "2001"]
[PlyCount "30"]
[EventDate "2018.??.??"]

1. d4 Nf6 2. Nf3 d5 3. Bf4 c5 4. e3 Nc6 5. c3 Qb6 6. Qc1 Bf5 7. Nbd2 e6 8. Nh4
Bg6 9. Nxg6 hxg6 10. Bd3 Rc8 11. Nf3 Be7 12. h3 a5 13. a4 cxd4 14. exd4 Bd8 15.
Qd2 Bc7 1/2-1/2

[Event "SW Oberhausen 1 - SV Welper 2"]
[Site "Verbandsklasse, Gruppe 1 2017"]
[Date "2018.03.18"]
[Round "8.2"]
[White "Hortolani, Sven-Holger"]
[Black "Teich, Udo"]
[Result "1-0"]
[WhiteElo "2048"]
[BlackElo "1910"]
[PlyCount "86"]
[EventDate "2018.??.??"]

1. Nf3 d5 2. g3 Nf6 3. Bg2 e6 4. c4 Be7 5. b3 O-O 6. Bb2 Nbd7 7. Qc2 b6 8. O-O
Bb7 9. d3 c5 10. Nbd2 Qc7 11. Rfe1 Bd6 12. e4 d4 13. b4 e5 14. b5 a6 15. a4 a5
16. Re2 Rfe8 17. Rf1 Bf8 18. Bc1 g6 19. Nh4 Bh6 20. Nb3 Bxc1 21. Qxc1 Nh5 22.
f4 f6 23. Ref2 Rf8 24. Qd1 Ng7 25. Bh3 exf4 26. gxf4 Rae8 27. Bxd7 Qxd7 28. f5
g5 29. Nf3 Qc7 30. Nxg5 fxg5 31. f6 Rf7 32. fxg7 Rxg7 33. Qh5 Qe7 34. Nd2 Bc8
35. Rf6 Be6 36. Qh6 g4 37. Kg2 Qd7 38. R1f4 Qe7 39. Nf1 Bf7 40. Rxb6 Rd8 41.
Ng3 Rg6 42. Rxg6+ Bxg6 43. Rxg4 Rf8 1-0

[Event "SW Oberhausen 1 - SV Welper 2"]
[Site "Verbandsklasse, Gruppe 1 2017"]
[Date "2018.03.18"]
[Round "8.3"]
[White "Sharma, Danesh"]
[Black "Schwerdtfeger, Joachim"]
[Result "1/2-1/2"]
[WhiteElo "1863"]
[BlackElo "1858"]
[PlyCount "58"]
[EventDate "2018.??.??"]

1. e4 e5 2. Nf3 Nc6 3. Bc4 Nf6 4. d3 Be7 5. O-O O-O 6. Nc3 d6 7. h3 Na5 8. Re1
Nxc4 9. dxc4 Be6 10. c5 d5 11. exd5 Nxd5 12. Nxd5 Bxd5 13. Rxe5 c6 14. Qd3 f6
15. Rh5 g6 16. Rh6 Bxf3 17. Qxf3 Bxc5 18. Qb3+ Rf7 19. Rxh7 Qd1+ 20. Kh2 Raf8
21. Rxf7 Rxf7 22. Qd3 Qxd3 23. cxd3 Bxf2 24. Bf4 Re7 25. Rd1 Bd4 26. b3 g5 27.
Bd2 Kf7 28. Kg3 Kg6 29. Kf3 f5 1/2-1/2

[Event "SW Oberhausen 1 - SV Welper 2"]
[Site "Verbandsklasse, Gruppe 1 2017"]
[Date "2018.03.18"]
[Round "8.4"]
[White "Matthes, Severin Johannes"]
[Black "Leimkuehler, Dirk"]
[Result "0-1"]
[WhiteElo "1838"]
[BlackElo "1813"]
[PlyCount "50"]
[EventDate "2018.??.??"]

1. d4 f5 2. c4 Nf6 3. g3 g6 4. Bg2 Bg7 5. Nf3 d6 6. Nc3 Nc6 7. O-O O-O 8. Re1
e5 9. dxe5 dxe5 10. Qxd8 Rxd8 11. e4 Nd4 12. Bg5 c6 13. Rad1 h6 14. Bc1 fxe4
15. Nxe5 Kh7 16. Bxe4 Nxe4 17. Rxe4 Bxe5 18. Rxe5 Nf3+ 19. Kg2 Nxe5 20. Rxd8
Bh3+ 21. Kxh3 Rxd8 22. b3 g5 23. Ne4 Kg6 24. c5 Rd1 25. Be3 g4+ 0-1

[Event "SW Oberhausen 1 - SV Welper 2"]
[Site "Verbandsklasse, Gruppe 1 2017"]
[Date "2018.03.18"]
[Round "8.5"]
[White "Wallhof, Dieter"]
[Black "Kuckelkorn, Joerg"]
[Result "0-1"]
[WhiteElo "1887"]
[BlackElo "1845"]
[Annotator "Daniel"]
[PlyCount "108"]
[EventDate "2018.??.??"]

1. d4 f5 2. Bg5 g6 3. e3 Bg7 4. h4 Nc6 5. Nc3 d5 6. Qf3 Be6 7. Bb5 Qd7 8. Nge2
Bf7 9. Na4 O-O-O 10. Nc5 Qd6 11. c3 Re8 12. Bf4 e5 13. Bh2 Nf6 14. Bxc6 Qxc6
15. Bxe5 Rxe5 16. dxe5 Ne4 17. Nb3 Bxe5 18. Ned4 Qd7 19. Qd1 f4 20. Nf3 Bd6 21.
exf4 Bxf4 22. O-O g5 23. Qd4 Rg8 24. Qxa7 Kd8 25. Rfe1 Qg4 26. Rxe4 dxe4 27.
Rd1+ Bd6 28. Rd4 gxh4 29. Ne1 Qh3 30. Rxd6+ cxd6 31. Qxb7 Qd7 32. Qxe4 Qe7 33.
Qa8+ Kd7 34. Qa4+ Kd8 35. Nf3 h3 36. g3 Qb7 37. Qh4+ Ke8 38. Nbd4 Bd5 39. Qh5+
Kd8 40. Ng5 Qxb2 $11 41. Nge6+ Bxe6 42. Nxe6+ Kc8 43. Qxh3 Qxc3 44. Nf4+ Kb8
45. Qe6 Rd8 46. Qe2 Qe5 47. Qc2 Rc8 48. Qb3+ Ka8 49. Nd5 Rc1+ 50. Kg2 Qe4+ 51.
f3 Rc2+ 52. Kh3 Qe6+ 53. Kh4 Rh2+ 54. Kg5 h6+ 0-1

[Event "SW Oberhausen 1 - SV Welper 2"]
[Site "Verbandsklasse, Gruppe 1 2017"]
[Date "2018.03.18"]
[Round "8.6"]
[White "Boecker, Juergen"]
[Black "Sharma, Rakesh"]
[Result "1/2-1/2"]
[WhiteElo "1799"]
[BlackElo "1858"]
[PlyCount "34"]
[EventDate "2018.??.??"]

1. e4 c5 2. Nc3 g6 3. f4 Bg7 4. Nf3 d6 5. Bb5+ Bd7 6. Bxd7+ Qxd7 7. O-O Nc6 8.
d3 Nf6 9. Ne2 O-O 10. c3 Rad8 11. Qe1 c4 12. Ng3 cxd3 13. Qe3 e5 14. Qxd3 exf4
15. Bxf4 Ne5 16. Nxe5 dxe5 17. Qxd7 Nxd7 1/2-1/2

[Event "SW Oberhausen 1 - SV Welper 2"]
[Site "Verbandsklasse, Gruppe 1 2017"]
[Date "2018.03.18"]
[Round "8.7"]
[White "Kleff, Tim"]
[Black "Matthies, Jochen"]
[Result "1/2-1/2"]
[WhiteElo "1770"]
[BlackElo "1754"]
[Annotator "Daniel"]
[PlyCount "47"]
[EventDate "2018.??.??"]

1. d4 d5 2. c4 c6 3. Nf3 Nf6 4. e3 Bf5 5. Nc3 e6 6. h3 h6 7. Bd3 Bxd3 8. Qxd3
dxc4 9. Qxc4 Nbd7 10. O-O Nd5 11. Qe2 Be7 12. Rb1 O-O 13. Bd2 Re8 14. e4 Nxc3
15. bxc3 b6 16. Ne1 c5 17. f4 Nf6 $11 18. e5 Nd5 19. f5 Bg5 20. Rf3 exf5 21.
Rxf5 Qd7 22. Rf3 Bxd2 23. Qxd2 Rad8 24. Rg3 1/2-1/2

[Event "SW Oberhausen 1 - SV Welper 2"]
[Site "Verbandsklasse, Gruppe 1 2017"]
[Date "2018.03.18"]
[Round "8.8"]
[White "Hibbeln, Christian"]
[Black "Berke, Martin"]
[Result "1-0"]
[WhiteElo "1734"]
[BlackElo "1748"]
[PlyCount "59"]
[EventDate "2018.??.??"]

1. d4 Nf6 2. Nc3 d5 3. Bg5 Bf5 4. e3 e6 5. Bd3 Bxd3 6. cxd3 Be7 7. e4 dxe4 8.
Qb3 Nbd7 9. dxe4 Nb6 10. Nge2 O-O 11. f4 Nfd7 12. Bxe7 Qxe7 13. O-O c5 14. Rad1
cxd4 15. Nxd4 Nf6 16. Kh1 Ng4 17. Rd2 Rfd8 18. h3 Ne3 19. Rf3 Nec4 20. Rd1 Rd7
21. f5 e5 22. f6 gxf6 23. Nf5 Rxd1+ 24. Nxd1 Qd7 25. Rg3+ Kh8 26. Rg7 Nd6 27.
Nde3 Rd8 28. Nxd6 Kxg7 29. Nef5+ Kh8 30. Nxf7+ 1-0

[Event "SV Waltrop 1 - FS Dortmund 1"]
[Site "Verbandsklasse, Gruppe 1 2017"]
[Date "2018.03.18"]
[Round "8.1"]
[White "Reichmann, Oleg"]
[Black "Winterberg, Andreas"]
[Result "1/2-1/2"]
[WhiteElo "1988"]
[BlackElo "2002"]
[PlyCount "64"]
[EventDate "2018.??.??"]

1. Nf3 d5 2. g3 Nf6 3. Bg2 Bf5 4. O-O h6 5. d3 e6 6. Nbd2 Be7 7. e4 dxe4 8.
dxe4 Bh7 9. Qe2 O-O 10. c3 c6 11. h3 Nbd7 12. e5 Nd5 13. Ne4 Qc7 14. c4 N5b6
15. Bf4 g5 16. Bd2 Nc5 17. Nxc5 Bxc5 18. b4 Be7 19. c5 Nd5 20. Nh2 Kg7 21. h4
Bf5 22. h5 Rad8 23. Rfe1 Qd7 24. Be4 Nc7 25. Rad1 Qc8 26. g4 Bxe4 27. Qxe4 Rd5
28. Be3 Rfd8 29. Rc1 Qd7 30. Nf1 Rd3 31. Ng3 Qd5 32. Kg2 a6 1/2-1/2

[Event "SV Waltrop 1 - FS Dortmund 1"]
[Site "Verbandsklasse, Gruppe 1 2017"]
[Date "2018.03.18"]
[Round "8.2"]
[White "Gasper, Joern"]
[Black "Khess, Igor"]
[Result "1-0"]
[WhiteElo "1998"]
[BlackElo "1973"]
[PlyCount "109"]
[EventDate "2018.??.??"]

1. e4 e5 2. Bc4 Nc6 3. Nf3 Bc5 4. O-O Nf6 5. d3 d6 6. c3 O-O 7. Nbd2 Bb6 8. Bb3
a6 9. h3 h6 10. Re1 Be6 11. Bc2 Nh7 12. Nf1 Ng5 13. Nxg5 hxg5 14. Qh5 f6 15.
Ne3 Bxe3 16. Bxe3 Qe8 17. Qe2 Qf7 18. b3 g6 19. d4 Ne7 20. d5 Bd7 21. c4 Kg7
22. f3 Rh8 23. Bd3 Rh6 24. Qd2 Rah8 25. Bf1 Qg8 26. c5 dxc5 27. Bxc5 Nc8 28.
Rac1 Qd8 29. Rc2 Re8 30. Rec1 c6 31. Be3 Rh7 32. dxc6 Bxc6 33. Qxd8 Rxd8 34.
Bxa6 Kf8 35. Bc4 Nd6 36. Bc5 Ke8 37. Bb6 Ra8 38. Bd5 Bxd5 39. exd5 Ra6 40. Bf2
Rd7 41. a4 Ra5 42. Rc5 Rxc5 43. Bxc5 Nf5 44. Rd1 Nd4 45. Bxd4 Rxd5 46. Kf2 exd4
47. Ke2 Kd7 48. Kd3 Kd6 49. b4 f5 50. Re1 Kd7 51. g4 f4 52. Re4 Kc7 53. Rxd4
Re5 54. Rc4+ Kd7 55. Re4 1-0

[Event "SV Waltrop 1 - FS Dortmund 1"]
[Site "Verbandsklasse, Gruppe 1 2017"]
[Date "2018.03.18"]
[Round "8.3"]
[White "Brendemuehl, Bernd"]
[Black "Eckert, Marius"]
[Result "1-0"]
[WhiteElo "1896"]
[BlackElo "2013"]
[Annotator "Daniel"]
[PlyCount "97"]
[EventDate "2018.??.??"]

1. e4 e5 2. Nf3 Nc6 3. Bb5 a6 4. Ba4 Nf6 5. O-O Be7 6. Re1 b5 7. Bb3 O-O 8. c3
d6 9. h3 Na5 10. Bc2 c5 11. d4 Qc7 12. Nbd2 cxd4 13. cxd4 Nc6 14. Nb3 a5 15.
Be3 a4 16. Nbd2 Nb4 17. Bb1 a3 18. bxa3 Rxa3 19. Nb3 Be6 20. d5 Bd7 21. Qd2 Ra4
22. Qb2 Na6 23. Rc1 Rc4 24. Bd3 Rxc1+ 25. Rxc1 Qb8 26. Na5 Rc8 27. Rxc8+ Qxc8
28. Bxb5 Bxb5 29. Qxb5 Nxe4 30. Nc6 Bf8 31. Qc4 Nac5 32. Ng5 Nxg5 33. Bxg5 Qa6
34. Qxa6 Nxa6 35. Bd8 f5 36. Ne7+ Bxe7 37. Bxe7 Nb4 38. Bxd6 Nxa2 39. Bxe5 Nb4
40. d6 Nc6 41. f4 Kf7 42. Kf2 g6 43. Ke3 Ke6 $11 44. Kd3 Kd5 45. Kc3 Nd8 46.
Bf6 Ne6 47. d7 Ke4 48. Kc4 h6 49. Be7 1-0

[Event "SV Waltrop 1 - FS Dortmund 1"]
[Site "Verbandsklasse, Gruppe 1 2017"]
[Date "2018.03.18"]
[Round "8.4"]
[White "Drewes, Martin"]
[Black "Grube, Joerg"]
[Result "1-0"]
[WhiteElo "1944"]
[BlackElo "1833"]
[PlyCount "73"]
[EventDate "2018.??.??"]

1. e4 e5 2. Nf3 Nc6 3. Bb5 a6 4. Ba4 Nf6 5. O-O Be7 6. Re1 b5 7. Bb3 O-O 8. d4
Nxd4 9. Nxd4 exd4 10. e5 Ne8 11. c3 dxc3 12. Nxc3 Bb7 13. Qg4 d6 14. exd6 Nxd6
15. Bf4 Bf6 16. Rad1 Qc8 17. h3 Qxg4 18. hxg4 g6 19. g5 Bg7 20. Re7 Nc4 21.
Rxc7 Bc8 22. Nd5 Be6 23. Bc1 Rfd8 24. Nf6+ Kh8 25. Re1 h6 26. Bxc4 bxc4 27. Ne4
Rd5 28. gxh6 Bd4 29. Ng5 Rf5 30. Nf3 Bf6 31. Be3 Bxb2 32. Bd4+ Bxd4 33. Nxd4
Rd5 34. Nxe6 fxe6 35. Rxe6 Ra5 36. Rxg6 Rxa2 37. Rgg7 1-0

[Event "SV Waltrop 1 - FS Dortmund 1"]
[Site "Verbandsklasse, Gruppe 1 2017"]
[Date "2018.03.18"]
[Round "8.6"]
[White "Breidenbach, Rolf"]
[Black "Jost, Udo"]
[Result "1-0"]
[WhiteElo "1861"]
[BlackElo "1812"]
[PlyCount "71"]
[EventDate "2018.??.??"]

1. d4 Nf6 2. Bf4 d6 3. Nc3 Nbd7 4. Nf3 g6 5. Qd2 h6 6. h3 Nh5 7. Bh2 Nb6 8. e4
Bd7 9. Be2 Rc8 10. O-O-O e6 11. Kb1 a6 12. Qe3 Qe7 13. Ne1 Ng7 14. f4 f5 15. g4
Kf7 16. gxf5 gxf5 17. Rg1 fxe4 18. Qxe4 h5 19. Bxh5+ Kg8 20. Bg4 d5 21. Qe2 Rh6
22. Nd3 Nc4 23. Rde1 Re8 24. Ne5 Qb4 25. Nxc4 dxc4 26. Qe5 Qd6 27. Ne4 Qe7 28.
Nc5 c3 29. Qxc7 Bc8 30. Qxe7 Rxe7 31. d5 cxb2 32. Nxe6 Bxe6 33. dxe6 Rf6 34. f5
Kh7 35. Be5 Ne8 36. Rd1 1-0

[Event "SV Waltrop 1 - FS Dortmund 1"]
[Site "Verbandsklasse, Gruppe 1 2017"]
[Date "2018.03.18"]
[Round "8.7"]
[White "Schulz-Runge, Michael"]
[Black "Sehrbrock, Christoph"]
[Result "1-0"]
[WhiteElo "1750"]
[BlackElo "1808"]
[Annotator "Daniel"]
[PlyCount "79"]
[EventDate "2018.??.??"]

1. c4 e5 2. Nc3 Nf6 3. g3 c6 4. Bg2 d5 5. cxd5 cxd5 6. d3 Nc6 7. Bg5 d4 8. Nd5
Be7 9. Nxe7 Qxe7 10. a3 O-O 11. Rc1 Bd7 12. b4 a6 13. Nf3 h6 14. Bxf6 Qxf6 15.
Nd2 Nd8 16. Ne4 Qb6 17. O-O Ne6 18. Nc5 Nxc5 19. Rxc5 Rfe8 20. Qd2 Rac8 21.
Rfc1 Rxc5 22. Rxc5 Bc6 23. Bh3 e4 $11 24. dxe4 Bxe4 25. Qxd4 Bc6 26. Qd1 Rd8
27. Qc2 Qc7 28. Bg2 Rd6 29. Bxc6 bxc6 30. Kg2 Qd7 31. Qc4 Qb7 32. f3 Re6 33.
Qd3 Qe7 34. Rc2 Qa7 35. e4 a5 36. Qd8+ Kh7 37. bxa5 Qe3 38. a6 Rxe4 39. a7 Rd4
40. Qxd4 1-0

[Event "SV Waltrop 1 - FS Dortmund 1"]
[Site "Verbandsklasse, Gruppe 1 2017"]
[Date "2018.03.18"]
[Round "8.8"]
[White "Schwammbach, Frank"]
[Black "Potyrala, Lukasz-Rafal"]
[Result "1/2-1/2"]
[WhiteElo "1781"]
[BlackElo "1649"]
[Annotator "Daniel"]
[PlyCount "75"]
[EventDate "2018.??.??"]

1. d4 e6 2. c4 f5 3. a3 Nf6 4. Nf3 Be7 5. e3 O-O 6. Be2 b6 7. O-O Bb7 8. Nc3
Ne4 9. Qc2 d6 10. b4 Nd7 11. Bb2 Ndf6 12. Rad1 Nxc3 13. Bxc3 Bxf3 14. Bxf3 d5
15. Bb2 c6 16. Rc1 Rc8 17. Be2 Bd6 18. g3 Ne4 19. Kg2 Qg5 20. f4 Qd8 21. c5 Be7
$11 22. Ba6 Rc7 23. cxb6 axb6 24. Bd3 Nd6 25. Qe2 b5 26. Rc2 Nc4 27. Bxc4 dxc4
28. Re1 Bf6 29. g4 Qa8 30. g5 Be7 31. Qf3 Qa4 32. Rc3 Ra8 33. h4 Qa6 34. Qh5
Qc8 35. Qf3 Qf8 36. Qe2 Rca7 37. Rec1 Ra4 38. Kg3 1/2-1/2

[Event "DJK Wacker Bergeborbeck 1 - SV Hamm 2"]
[Site "Verbandsklasse, Gruppe 1 2017"]
[Date "2018.03.18"]
[Round "8.1"]
[White "Woertler, Lars-Erik"]
[Black "Landscheidt, Heinz"]
[Result "1/2-1/2"]
[WhiteElo "1877"]
[BlackElo "1848"]
[PlyCount "47"]
[EventDate "2018.??.??"]

1. Nf3 Nf6 2. c4 c6 3. g3 d5 4. Bg2 e6 5. Qc2 Nbd7 6. b3 Bd6 7. Bb2 O-O 8. O-O
Qe7 9. d4 e5 10. dxe5 Nxe5 11. Nbd2 Nxf3+ 12. Bxf3 Be6 13. Rfe1 Ba3 14. Bxa3
Qxa3 15. e4 dxc4 16. Nxc4 Bxc4 17. Qxc4 Rad8 18. Re2 a5 19. Kg2 Rfe8 20. e5 Nd5
21. Rae1 Nc7 22. Bg4 Qb4 23. Qxb4 axb4 24. Re4 1/2-1/2

[Event "DJK Wacker Bergeborbeck 1 - SV Hamm 2"]
[Site "Verbandsklasse, Gruppe 1 2017"]
[Date "2018.03.18"]
[Round "8.2"]
[White "Dahlhaus, Friedhelm"]
[Black "Fluegel, Thomas"]
[Result "1/2-1/2"]
[WhiteElo "1938"]
[BlackElo "1785"]
[PlyCount "82"]
[EventDate "2018.??.??"]

1. e4 e6 2. d4 d5 3. exd5 exd5 4. Bd3 Nc6 5. Nf3 Bg4 6. c3 Bd6 7. O-O Qd7 8. b4
a6 9. Nbd2 Nge7 10. Nb3 b6 11. a4 O-O 12. b5 axb5 13. axb5 Rxa1 14. Nxa1 Nd8
15. Nc2 Ng6 16. Ne3 Bh5 17. Bf5 Bxf3 18. Bxd7 Bxd1 19. Rxd1 Ne7 20. Bd2 Ne6 21.
Ra1 g6 22. Ng4 h5 23. Nf6+ Kh8 24. Ne8 Bf4 25. Bxf4 Nxf4 26. Kf1 Ne6 27. Re1
Kg8 28. Bxe6 fxe6 29. Nxc7 Rc8 30. Nxe6 Rxc3 31. Nf4 Rc7 32. g3 Kf7 33. Re5
Rc1+ 34. Kg2 Nf5 35. Rxd5 Rd1 36. Ne2 Rd2 37. Kf3 Kf6 38. h3 Rd3+ 39. Ke4 Rd2
40. Kf3 Rd3+ 41. Ke4 Rd2 1/2-1/2

[Event "DJK Wacker Bergeborbeck 1 - SV Hamm 2"]
[Site "Verbandsklasse, Gruppe 1 2017"]
[Date "2018.03.18"]
[Round "8.3"]
[White "Sewarte, Jochen"]
[Black "Grodotzki, Thomas"]
[Result "0-1"]
[WhiteElo "1743"]
[BlackElo "1941"]
[PlyCount "34"]
[EventDate "2018.??.??"]

1. e4 d5 2. exd5 Nf6 3. c4 c6 4. dxc6 Nxc6 5. Nf3 e5 6. d3 Bc5 7. Nc3 O-O 8.
Bg5 h6 9. Bxf6 Qxf6 10. Nd5 Qd6 11. a3 Be6 12. b4 Bd4 13. Nxd4 exd4 14. Qf3
Bxd5 15. cxd5 Nxb4 16. axb4 Qxb4+ 17. Kd1 Qb3+ 0-1

[Event "DJK Wacker Bergeborbeck 1 - SV Hamm 2"]
[Site "Verbandsklasse, Gruppe 1 2017"]
[Date "2018.03.18"]
[Round "8.4"]
[White "Mombeck, Michael"]
[Black "Alakbarov, Aleksey"]
[Result "1/2-1/2"]
[WhiteElo "1975"]
[BlackElo "1836"]
[PlyCount "96"]
[EventDate "2018.??.??"]

1. e4 e5 2. Nf3 Nc6 3. Bc4 Bc5 4. Nc3 Nf6 5. d3 h6 6. Be3 Bb6 7. a4 d6 8. h3
Be6 9. Bb5 O-O 10. O-O Ne7 11. d4 Ng6 12. Re1 c6 13. Bf1 Ba5 14. Bd2 Qe7 15.
Rb1 Rfd8 16. b4 Bb6 17. Be3 exd4 18. Nxd4 Bxd4 19. Bxd4 Nh7 20. Qc1 Qd7 21. f4
f5 22. Qe3 Rf8 23. Qg3 Qf7 24. e5 d5 25. b5 Ne7 26. bxc6 Nxc6 27. Nb5 Qe7 28.
Bf2 g5 29. Nd6 Rab8 30. Bd3 Qg7 31. Kh2 h5 32. fxg5 Nxg5 33. Rxb7 Rxb7 34. Nxb7
Ne4 35. Qxg7+ Kxg7 36. Bxe4 fxe4 37. Bg3 Kg6 38. Nc5 Re8 39. Rf1 Bf5 40. Rd1 d4
41. Kg1 e3 42. Nd3 Bxd3 43. Rxd3 Kf5 44. Kf1 Ke4 45. Rb3 Nxe5 46. Rb5 Rf8+ 47.
Ke2 Rf5 48. Be1 Rf7 1/2-1/2